000 00316nam a2200145Ia 4500
008 200305s9999 xx 000 0 und d
082 _a181.45
082 _bTIT
100 _aTIWARI SAHJANAND
245 _aTRIDOSH JYOTSANA
260 _aVARANSHI
_bCHAUKHAMBHA
300 _a184
650 _aYOGA
999 _c39720
_d39720
041 _ahin